الإبراهيمي و نضال الكلمة / (رقم التسجيلة. 16064)

تفاصيل مارك
000 -LEADER
fixed length control field 00658nam a22002177a 4500
005 - DATE AND TIME OF LATEST TRANSACTION
control field 20251108164847.0
008 - FIXED-LENGTH DATA ELEMENTS--GENERAL INFORMATION
fixed length control field 250721s2010 xx 000 0 ara d
082 14 - DEWEY DECIMAL CLASSIFICATION NUMBER
Classification number 928.1/زرم
100 1# - MAIN ENTRY--PERSONAL NAME
Personal name زرمان، محمد
245 10 - TITLE STATEMENT
Title الإبراهيمي و نضال الكلمة /
264 1# - PRODUCTION, PUBLICATION, DISTRIBUTION, MANUFACTURE, AND COPYRIGHT NOTICE
Place of production, publication, distribution, manufacture عمان :
Name of producer, publisher, distributor, manufacturer دار الأعلام للنشر و التوزيع،
Date of production, publication, distribution, manufacture, or copyright notice 2010.
300 ## - PHYSICAL DESCRIPTION
Extent 110ص.
650 17 - SUBJECT ADDED ENTRY--TOPICAL TERM
Topical term or geographic name as entry element التراجم
650 17 - SUBJECT ADDED ENTRY--TOPICAL TERM
Topical term or geographic name as entry element الادب العربي
650 17 - SUBJECT ADDED ENTRY--TOPICAL TERM
Topical term or geographic name as entry element الادباء العرب
650 17 - SUBJECT ADDED ENTRY--TOPICAL TERM
Topical term or geographic name as entry element الجزائر
650 17 - SUBJECT ADDED ENTRY--TOPICAL TERM
Topical term or geographic name as entry element تاريخ الجزائر
650 17 - SUBJECT ADDED ENTRY--TOPICAL TERM
Topical term or geographic name as entry element مقاومة الاحتلال
942 ## - ADDED ENTRY ELEMENTS (KOHA)
Source of classification or shelving scheme Dewey Decimal Classification
Koha item type كتب
المقتنيات
حالة السحب حالة الفقدان مصدر التصنيف حالة التلف غير قابل للإعارة المكتبة الرئيسية المكتبة الحالية موقع الرف تاريخ التزويد الرقم المتسلسل Total Checkouts رقم الإستدعاء الباركود تاريخ آخر ظهور تاريخ الفاتورة نوع المادة (كوها)
    Dewey Decimal Classification     المكتبة المركزية المكتبة المركزية الإعارة 28/07/2025 1507097   928.1/زرم PLD00236958 28/07/2025 28/07/2025 كتب
    Dewey Decimal Classification     المكتبة المركزية المكتبة المركزية الإعارة 10/01/2012 1507098   928.1/زرم PLD00237038 28/07/2025 10/01/2012 كتب
    Dewey Decimal Classification     مكتبة أبو علندا العامة مكتبة أبو علندا العامة الإعارة 10/01/2012 1507104   928.1/زرم PLD00237044 28/07/2025 10/01/2012 كتب
    Dewey Decimal Classification     مكتبة أم قصير والمقابلين العامة مكتبة أم قصير والمقابلين العامة الإعارة 10/01/2012 1507099   928.1/زرم PLD00237039 28/07/2025 10/01/2012 كتب
    Dewey Decimal Classification     مكتبة الأميرة ايمان العامة مكتبة الأميرة ايمان العامة الإعارة 10/01/2012 1507103   928.1/زرم PLD00237043 28/07/2025 10/01/2012 كتب
    Dewey Decimal Classification     مكتبة الاميرة بديعة مكتبة الاميرة بديعة الإعارة 10/01/2012 1507101   928.1/زرم PLD00237041 28/07/2025 10/01/2012 كتب
    Dewey Decimal Classification     مكتبة الجويدة مكتبة الجويدة الإعارة 10/01/2012 1507100   928.1/زرم PLD00237040 28/07/2025 10/01/2012 كتب
    Dewey Decimal Classification     مكتبة النصر العامة مكتبة النصر العامة الإعارة 10/01/2012 1507105   928.1/زرم PLD00237045 28/07/2025 10/01/2012 كتب
    Dewey Decimal Classification     مكتبة صويلح العامة مكتبة صويلح العامة الإعارة 10/01/2012 1507106   928.1/زرم PLD00237046 28/07/2025 10/01/2012 كتب
    Dewey Decimal Classification     مكتبة وادي السير العامة مكتبة وادي السير العامة الإعارة 10/01/2012 1507102   928.1/زرم PLD00237042 28/07/2025 10/01/2012 كتب
Implemented & Customized by: BBB with SCIT (Smart Chains for Information Technology)

Powered by Koha